Story Progress Quiz #01 - Statistics

General Stats
  • This quiz has been taken 19 times
  • The average score is 5 of 11
Answer Stats
Question Answer % Correct
There are 100 bricks in an airplane. One of them fell. How many left? 99
88%
How to put an Elephant in a refrigerator? Explainin three sentences? Open the refrigerator.
63%
How to put a Deer in a refrigerator? Explain in Four Sentences? Open the refrigerator.
63%
Close the refrigerator.
56%
Put the Elephant.
56%
Close the refrigerator.
50%
Put the Deer.
50%
There was birthday of the king of the jungle. Every animal attended except one. Which one? Deer
38%
Take the Elephant out.
31%
She still died while crossing the river. How? The brick from Plane fell onto her head
0%
An old woman was crossing a river where Crocodiles were abundant. How can she cross the river. The Crocodiles were attending birthday of the King of the jungle
0%
No matching quizzes found
Score Distribution
Percent of People with Each Score
Percentile by Number Answered
Your Score History
You have not taken this quiz